000
00332nam a22001457a 4500
003
OSt
005
20220218100001.0
008
220218b |||||||| |||| 00| 0 eng d
020
_a
0070444749
040
_c
HU
082
_a
658.84
100
_a
Elsenpeter
_9
30802
245
_a
E Business A Beginner's Guide
942
_2
ddc
_c
BOOKS
_n
0
999
_c
30753
_d
30753